000 00380nam a2200145Ia 4500
008 240624s9999 xx 000 0 und d
041 _aeng
082 _a658.4092 NOR
100 _aNORTHOUSE PETER G
245 _aLEADERSHIP THEORY AND PRACTICE
250 _a(4th ed.)
260 _c2008
_aNew Delhi
_bSage Publications
300 _axx, : 391 : p. : cm. ; 21
365 _cRS
_b34
999 _c11578
_d11578